Sports Quiz

Random Sports or Country Quiz

Name the Welsh Footballer Quiz Stats

 Plays Quiz not verified by Sporcle

Score 0/16 Timer 04:00
1 Play Today
% Correct
Gareth Bale
99.7%
Ryan Giggs
92.5%
Aaron Ramsey
86.3%
Craig Bellamy
81.3%
Ian Rush
76.1%
Robbie Savage
71.2%
Gary Speed
68.6%
Wayne Hennessey
65.5%
% Correct
Joe Ledley
64.1%
Neville Southall
60.2%
Chris Gunter
52.4%
Dean Saunders
43.8%
Andy King
41.5%
Brian Flynn
16.7%
Barry Horne
13.6%
Andy Melville
12.4%

You're not logged in!

Compare scores with friends on all Sporcle quizzes.
OR
Log In

Sporcle TV

Today on Sporcle TV


Watch our educational content, quiz creation guides, and fun videos on Sporcle TV.

Show Comments

Extras

Top Quizzes Today


Score Distribution

Your Account Isn't Verified!

In order to create a playlist on Sporcle, you need to verify the email address you used during registration. Go to your Sporcle Settings to finish the process.

Report this User

Report this user for behavior that violates our Community Guidelines.

Details: